00425 2200157 4500001002100000005001500021035002000036245007300056100002400129300002700153260003100180082000800211084001400219020002200233990001200255INLIS00000000000267320250903094414 a0010-09250000201 aBelajar Mengelola Keuangan Pribadi Sejak Dini /cElvy Maria Manurung0 aElvy Maria Manurung a58 hlm ;c14,5 x 21 cm aJakarta :bErlangga,c2021 a600 a600 ELV b a978-623-266-588-0 a0755349